000 00595nam a2200241Ia 4500
003 OSt
005 20220918193014.0
006 a|||||r|||| 00| 0
007 ta
008 220917b |||||||| |||| 00| 0 eng d
024 _a71,479
037 _cTextual
040 _aARTS
_cARTS
_beng
041 _2eng
_aeng
082 _aR4, J7;K6
100 _aTitus Harold H
_976345
245 0 _aEthics for today
250 _a3rd
260 _aNew Delhi
_bEurasia Pub House
_c1957
650 _aETHICS
942 _hR4, J7;K6
_cTEXL
_2CC
999 _c197552
_d197552